|
|
|
|
| LEADER |
01307npm a22002898a 4500 |
| 001 |
00045671 |
| 008 |
190708s2019####-vm#################vie|d |
| 005 |
20200810160825.0 |
| 041 |
0 |
# |
|a vie
|
| 082 |
1 |
4 |
|a 910.71
|b T450CH
|
| 100 |
0 |
# |
|a Phạm, Cẩm Nhung
|
| 245 |
0 |
0 |
|a Tổ chức hoạt động trải nghiệm làng nghề " Làm nem Lai Vung" trong dạy học Địa lý địa phương tỉnh Đồng Tháp
|b Tiểu luận tốt nghiệp chuyên ngành Sư phạm Địa lý
|c Phạm Cẩm Nhung; Nguyễn Thị Thanh Vân (hướng dẫn)
|
| 260 |
# |
# |
|a Đồng Tháp
|b Đại học Đồng Tháp
|c 2020
|
| 300 |
# |
# |
|a 42 tr.
|b hình ảnh
|c 29 cm.
|
| 500 |
# |
# |
|a ĐTTS ghi: Trường Đại học Đồng Tháp. Khoa Sư phạm Sử - Địa và GDCT. Bộ môn Địa lý
|
| 653 |
# |
# |
|a Lai Vung
|
| 653 |
# |
# |
|a Làng nghề làm nem
|
| 653 |
# |
# |
|a Đồng Tháp
|
| 653 |
# |
# |
|a Địa lý địa phương
|
| 653 |
# |
# |
|a Tiểu luận tốt nghiệp
|
| 653 |
# |
# |
|a Trải nghiệm
|
| 653 |
# |
# |
|a Địa lý 12
|
| 700 |
0 |
# |
|a Nguyễn, Thị Thanh Vân
|e Hướng dẫn
|
| 852 |
# |
# |
|j TL.0000045
|
| 910 |
0 |
# |
|d 10/8/2020
|
| 980 |
# |
# |
|a Trung tâm Học liệu Lê Vũ Hùng, Trường Đại học Đồng Tháp
|